History HuntersChandragupta Maurya and the Greek Onslaught/ (Record no. 203022)

MARC details
000 -LEADER
fixed length control field 00690 a2200205 4500
005 - DATE AND TIME OF LATEST TRANSACTION
control field 20240520142127.0
010 ## - LCCN (DPL NO)
LC control number B-759119
020 ## - INTERNATIONAL STANDARD BOOK NUMBER
International Standard Book Number 9789391028923
Terms of availability 399.00
035 ## - SYSTEM CONTROL NUMBER
System control number B-759119
037 ## - SOURCE OF ACQUISITION
Source of stock number/acquisition Gift
082 ## - DEWEY DECIMAL CLASSIFICATION NUMBER
Classification number S
100 ## - MAIN ENTRY--PERSONAL NAME
Personal name Garodia, Shruti
245 ## - TITLE STATEMENT
Title History HuntersChandragupta Maurya and the Greek Onslaught/
Statement of responsibility, etc Shruti Garodia and Archna Garodia Gupta
260 ## - PUBLICATION, DISTRIBUTION, ETC. (IMPRINT)
Place of publication, distribution, etc Gurugram
Name of publisher, distributor, etc Hechette Book Publishing India Pvt. Ltd.
Date of publication, distribution, etc 2022
270 ## - ADDRESS
Address 4th & 5th Floors, Corporate Centre Plot no.94 Sector-44
City Gurugram
Postal code 122003
300 ## - PHYSICAL DESCRIPTION
Extent 129 p.
Dimensions 19 cm(Pb)
700 ## - ADDED ENTRY--PERSONAL NAME
Personal name Gupta,Archna Garodia
9 (RLIN) 66471
942 ## - ADDED ENTRY ELEMENTS (KOHA)
Institution code [OBSOLETE] dpl
Item type Children Books
Source of classification or shelving scheme Dewey Decimal Classification
Classification part S
Call number suffix GAR
Holdings
Withdrawn status Lost status Not for loan Collection code Home library Current library Date acquired Source of acquisition Cost, normal purchase price Full call number Barcode Copy number Cost, replacement price Koha item type Public note
      Fiction Sarojini Nagar Sarojini Nagar 20/05/2024 Gift/20.5.24 399.00 S GAR B-759119 1 399.00 Children Books Gift

© Delhi Public Library
Hit Counter
free hit counter